=LDR 00000nam 2200000 4500 =001 NUTBA000000000005788 =005 20141111102544.0 =006 =007 =008 =020 ##$$a 978-602-8489-95-9 =035 ##$$a 0010-111400000000267 =040 ##$$a NBPDMAT =082 ##$$a 028.5 =090 ##$$a 028.5 $b Wen a =100 ##$$a Weni Rahayu =245 ##$$a Aku suka sayuran umbi umbian / $c Weni Rahayu ; editor, Laila Febriana =260 ##$$a Jakarta : $b Mediantara Semesta, $c 2013 =300 ##$$a iv, 11 hlm. : $b ilus.; $c 17 cm. =500 ##$$a Bibliografi : hlm. 11 =650 ##$$a Bacaan Kanak - Kanak =700 ##$$a Laila Febrina =850 ##$$a NBPDMAT